|
|
|
|
| LEADER |
00000nam a2200000 a 4500 |
| 001 |
vtls001067909 |
| 003 |
SK-MaSNL |
| 005 |
20260413122740.0 |
| 008 |
250414s1990 xo 0 slo |
| 015 |
|
|
|a SNBA1992/05
|
| 020 |
|
|
|a 8090042791
|
| 035 |
|
|
|a SNK000010739
|
| 040 |
|
|
|a SNK
|b slo
|c SNK
|e AACR2
|
| 041 |
0 |
|
|a slo
|
| 044 |
|
|
|a xo
|c SK
|
| 080 |
|
|
|a 885.4-3
|2 1981
|
| 100 |
1 |
|
|a Cimmermannová, Mária
|4 aut
|9 677434
|
| 245 |
1 |
0 |
|a Šum mora
|c Mária Cimmermannová ; Marta Gutraiová, Marián Lobell
|
| 250 |
|
|
|a 1. vyd.
|
| 260 |
|
|
|a Levice
|b Región
|c 1990
|e Levice
|f Štátna melioračná správa
|
| 300 |
|
|
|a 111 s.
|c 20 cm
|
| 366 |
|
|
|e 500 výtl.
|
| 500 |
|
|
|a Rozmn.
|
| 700 |
1 |
|
|a Gutraiová, Marta
|4 bkd
|9 559539
|
| 700 |
1 |
|
|a Lobell, Marián
|4 bkd
|9 677435
|
| 852 |
|
|
|a Slovenská národná knižnica
|
| 919 |
|
|
|a 80-900427-9-1
|
| 954 |
|
|
|a novely lyrické
|
| 958 |
|
|
|a LX
|
| 958 |
|
|
|a RM
|
| 958 |
|
|
|a OND
|
| 999 |
|
|
|c 1047950
|d 1049880
|
| 952 |
|
|
|a SNK
|b SNK
|y VYP
|7 0
|p 17A0448080
|o snkSC 81524 D1
|i snk2005/18943
|8 1
|0 0
|1 0
|4 0
|d 2005-11-09
|l 0
|r 2026-02-24 14:46:23
|w 2026-02-24
|
| 952 |
|
|
|t P60, <03>, [BOOK], {603}
|a SNK
|b SNK
|y PREZ
|7 0
|p 17A0450992
|o snkSC 81524
|i snkKSP 3214/92
|0 0
|1 0
|4 0
|d 2004-11-02
|l 0
|r 2025-08-18 00:00:00
|w 2026-02-24
|